Marketingové stratégie firiem z oblasti Corporate Design v automobilovom priemysle

Identifikácia marketingových stratégií akciových spoločností z oblasti Corporate Design a zhodnotenie vnímavosti a postojov verejnosti k danej problematike. V rámci CD boli vymedzené tri oblasti, ktoré boli navzájom porovnávané a päť AS. V centre záujmu stáli značky Škoda, BMW, Volkswagen (VW), SEAT...

Descrizione completa

Salvato in:
Dettagli Bibliografici
Autore principale: Benkőová, Silvia
Altri autori: Šprochová, Lenka
Natura: Capitolo di libro
Lingua:slovacco
Soggetti:
Tags: Aggiungi Tag
Nessun Tag, puoi essere il primo ad aggiungerne!!

MARC

LEADER 00000nla a2200000 4500
001 0195694
005 20240502073303.7
041 0 |a slo 
044 |a SK 
245 1 0 |a Marketingové stratégie firiem z oblasti Corporate Design v automobilovom priemysle  |c Silvia Benkőová, Lenka Šprochová 
520 |a Identifikácia marketingových stratégií akciových spoločností z oblasti Corporate Design a zhodnotenie vnímavosti a postojov verejnosti k danej problematike. V rámci CD boli vymedzené tri oblasti, ktoré boli navzájom porovnávané a päť AS. V centre záujmu stáli značky Škoda, BMW, Volkswagen (VW), SEAT, Kia a porovnávanie sa realizovalo na vnímavosť spotrebiteľov pri rozlíšení predajných miest AS, loga a špecifických farieb. 
610 2 0 |a identita podniková 
610 2 0 |a dizajn priemyselný 
610 2 0 |a dizajn 
610 2 0 |a firmy 
610 2 0 |a stratégia marketingová 
610 2 0 |a priemysel automobilový 
100 1 |a Benkőová, Silvia 
700 1 |a Šprochová, Lenka